| 000 | 00745nam a2200217Ia 4500 | ||
|---|---|---|---|
| 003 | GCL | ||
| 008 | 140319s9999 xx 000 0 ara d | ||
| 040 |
_aGCL / _cGCL |
||
| 082 | 0 | 4 |
_a935 _bب ن |
| 100 | 1 | _aجبرائيل يوسف كباس(مترجم) | |
| 245 | 1 | 0 |
_aنشوء الحضارات القديمة من شايندار الى اكاد / _cجبرائيل يوسف كباس(مترجم) |
| 700 | 1 | _aبرينتيس، بورهارد | |
| 260 |
_a[S.N] : _bالابجدية للنشر ، _c1989 |
||
| 300 | _a189 ص | ||
| 490 | _a | ||
| 650 | 0 | 4 | _aالعالم القديم |
| 650 | 0 | 4 | _aالتاريخ القديم |
| 650 | 0 | 4 | _aالحضارة الشرقية |
| 650 | 0 | 4 | _aحضارة العراق القديمة |
| 942 |
_2ddc _cBK |
||
| 999 |
_c35611 _d35611 |
||